00740nam a22002057a 450000500170000001000150001702000270003203500140005903700130007308200150008610000350010124501050013625000090024126000280025027000500027830000210032894200260034999900190037595201400039420231221152535.0 aENG-138673 a9789384863838c1250.00 aEN-122205 bDBAD/PUB a812.50921 aMaheshwari, Vinod Kumar960136 aAlienation and Affirmation in the plays of ;bO'Neill, Miller and Williams cMaheshwari, Vinod Kumar a2021 aDelhibDiamond Creation a21,North Basti Harphool Singh,bDelhie110006 a262p.c23cm(hbk) 2ddccENh812.509mMah c199765d199765 001040708NFICaDBADbDBADd2023-12-21eDBAD/PUBg1250.00l0o812.509 MahpEN-138673r2023-12-21 00:00:00t1v1250.00w2023-12-21yEN